<?xml version="1.0" encoding="UTF-8"?>
<record
    xmlns:xsi="http://www.w3.org/2001/XMLSchema-instance"
    xsi:schemaLocation="http://www.loc.gov/MARC21/slim http://www.loc.gov/standards/marcxml/schema/MARC21slim.xsd"
    xmlns="http://www.loc.gov/MARC21/slim">

  <leader>01436nam a2200349 i 4500</leader>
  <controlfield tag="001">133739</controlfield>
  <controlfield tag="003">ES-MaACL</controlfield>
  <controlfield tag="005">20230906194522.0</controlfield>
  <controlfield tag="007">t|</controlfield>
  <controlfield tag="008">070828s1946    sp           ||||1| spa d</controlfield>
  <datafield tag="080" ind1=" " ind2=" ">
    <subfield code="a">1 Agust&#xED;n, Santo</subfield>
  </datafield>
  <datafield tag="080" ind1=" " ind2=" ">
    <subfield code="a">929 Agustin, Santo</subfield>
  </datafield>
  <datafield tag="100" ind1="0" ind2=" ">
    <subfield code="a">Agust&#xED;n </subfield>
    <subfield code="c">Santo, Obispo de Hipona.</subfield>
    <subfield code="9">125563</subfield>
  </datafield>
  <datafield tag="245" ind1="1" ind2="0">
    <subfield code="a">Confesiones / </subfield>
    <subfield code="c">San Agust&#xED;n ; [edici&#xF3;n cr&#xED;tica y anotada por el R. P. &#xC1;ngel C. Vega].</subfield>
  </datafield>
  <datafield tag="246" ind1="1" ind2="1">
    <subfield code="a">Confessiones</subfield>
  </datafield>
  <datafield tag="260" ind1=" " ind2=" ">
    <subfield code="a">Madrid : </subfield>
    <subfield code="b">Biblioteca de Autores Cristianos : </subfield>
    <subfield code="b">La Editorial Cat&#xF3;lica,</subfield>
    <subfield code="c">1946.</subfield>
  </datafield>
  <datafield tag="300" ind1=" " ind2=" ">
    <subfield code="a">975 p. : </subfield>
    <subfield code="b">il. ; </subfield>
    <subfield code="c">20 cm.</subfield>
  </datafield>
  <datafield tag="490" ind1="1" ind2=" ">
    <subfield code="a">Obras de San Agust&#xED;n : texto biling&#xFC;e ; </subfield>
    <subfield code="v">2</subfield>
  </datafield>
  <datafield tag="490" ind1="1" ind2=" ">
    <subfield code="a">B.A.C. Secci&#xF3;n VI. Filosof&#xED;a</subfield>
  </datafield>
  <datafield tag="500" ind1=" " ind2=" ">
    <subfield code="a">Cronolog&#xED;a de las obras de San Agust&#xED;n.</subfield>
  </datafield>
  <datafield tag="504" ind1=" " ind2=" ">
    <subfield code="a">Bibliograf&#xED;a.</subfield>
  </datafield>
  <datafield tag="505" ind1="8" ind2=" ">
    <subfield code="a">Contiene: T. II : Introducci&#xF3;n a la filosof&#xED;a de San Agust&#xED;n. Las Confesiones.</subfield>
  </datafield>
  <datafield tag="546" ind1=" " ind2=" ">
    <subfield code="a">Texto latino y traducci&#xF3;n en espa&#xF1;ol.</subfield>
  </datafield>
  <datafield tag="594" ind1=" " ind2=" ">
    <subfield code="a">T&#xED;t. tomado del lomo.</subfield>
  </datafield>
  <datafield tag="600" ind1="0" ind2="4">
    <subfield code="a">Agust&#xED;n </subfield>
    <subfield code="c">Santo, Obispo de Hipona-</subfield>
    <subfield code="x">Biograf&#xED;as.</subfield>
    <subfield code="9">18920</subfield>
  </datafield>
  <datafield tag="600" ind1="0" ind2="4">
    <subfield code="a">Agust&#xED;n </subfield>
    <subfield code="c">Santo, Obispo de Hipona-</subfield>
    <subfield code="x">Cr&#xED;tica e interpretaci&#xF3;n.</subfield>
    <subfield code="9">18918</subfield>
  </datafield>
  <datafield tag="700" ind1="1" ind2=" ">
    <subfield code="a">Vega, &#xC1;ngel Custodio.</subfield>
    <subfield code="9">113535</subfield>
  </datafield>
  <datafield tag="830" ind1="0" ind2=" ">
    <subfield code="a">Obras de San Agust&#xED;n : texto biling&#xFC;e ; </subfield>
    <subfield code="v">2</subfield>
    <subfield code="9">219777</subfield>
  </datafield>
  <datafield tag="830" ind1="0" ind2=" ">
    <subfield code="a">B.A.C. Secci&#xF3;n VI. Filosof&#xED;a</subfield>
    <subfield code="9">191901</subfield>
  </datafield>
  <datafield tag="852" ind1="4" ind2=" ">
    <subfield code="a">ES-MaACL</subfield>
    <subfield code="j">E-12044 </subfield>
    <subfield code="9">R.139951 </subfield>
    <subfield code="z">. - Biblioteca Jacinto Mart&#xED;nez Lacalle</subfield>
  </datafield>
  <datafield tag="999" ind1=" " ind2=" ">
    <subfield code="c">133739</subfield>
    <subfield code="d">133739</subfield>
  </datafield>
  <datafield tag="952" ind1=" " ind2=" ">
    <subfield code="0">0</subfield>
    <subfield code="1">0</subfield>
    <subfield code="4">0</subfield>
    <subfield code="7">0</subfield>
    <subfield code="a">ATENEOM</subfield>
    <subfield code="b">ATENEOM</subfield>
    <subfield code="c">DEPO2</subfield>
    <subfield code="d">2008-01-17</subfield>
    <subfield code="e">DON</subfield>
    <subfield code="l">0</subfield>
    <subfield code="o">E-12044</subfield>
    <subfield code="p">1139221</subfield>
    <subfield code="r">2023-02-23 00:00:00</subfield>
    <subfield code="w">2023-02-23</subfield>
    <subfield code="y">MONOGRAFIA</subfield>
  </datafield>
</record>
